How to father. (Record no. 42296)
[ view plain ]
| 000 -LEADER | |
|---|---|
| fixed length control field | 00632cam a2200229 4500 |
| 001 - CONTROL NUMBER | |
| control field | 2670295 |
| 005 - DATE AND TIME OF LATEST TRANSACTION | |
| control field | 20180212034235.0 |
| 008 - FIXED-LENGTH DATA ELEMENTS--GENERAL INFORMATION | |
| fixed length control field | 740517s1974 caua b 001 0 eng |
| 010 ## - LIBRARY OF CONGRESS CONTROL NUMBER | |
| LC control number | 73083527 |
| 020 ## - INTERNATIONAL STANDARD BOOK NUMBER | |
| International Standard Book Number | 0840213018 |
| 040 ## - CATALOGING SOURCE | |
| Original cataloging agency | DLC |
| Transcribing agency | DLC |
| Modifying agency | DLC |
| 041 ## - LANGUAGE CODE | |
| Language code of text/sound track or separate title | eng |
| 080 ## - UNIVERSAL DECIMAL CLASSIFICATION NUMBER | |
| Universal Decimal Classification number | 649.1 DOD |
| 082 00 - DEWEY DECIMAL CLASSIFICATION NUMBER | |
| Classification number | 649.1 DOD |
| 100 1# - Rafti | |
| Rafti | 49 |
| 101 ## - Shkurtesa | |
| Shkurtesa | PSI |
| 245 10 - TITLE STATEMENT | |
| Title | How to father. |
| Statement of responsibility, etc | Edited by Jeanne Harris. With a foreword by Richard A. Gardner. Cartoons by Al Lowenheim. |
| 350 ## - PRICE (NR) (BK AM CF MU VM SE) [OBSOLETE] | |
| Price | $8.95 |
| 504 ## - BIBLIOGRAPHY, ETC. NOTE | |
| Bibliography, etc | Includes bibliographical references. |
| 906 ## - LOCAL DATA ELEMENT F, LDF (RLIN) | |
| a | 7 |
| b | cbc |
| c | orignew |
| d | 2 |
| e | opcn |
| f | 19 |
| g | y-gencatlg |
| 942 ## - ADDED ENTRY ELEMENTS (KOHA) | |
| Source of classification or shelving scheme | |
| Item type | Books |
No items available.